[Event "Bohumin op-B 6th"]
[Site "Bohumin"]
[Date "2023.07.01"]
[Round "1"]
[White "Pardy, Martin"]
[Black "Michniak, Andrzej"]
[Result "1-0"]
[WhiteElo "1891"]
[BlackElo "1413"]
[PlyCount "57"]
[EventDate "2023.07.01"]
[EventType "swiss"]
[EventRounds "9"]
[EventCountry "CZE"]
[SourceTitle "EXT 2024"]
[Source "ChessBase"]
[SourceDate "2023.10.10"]
[SourceVersion "1"]
[SourceVersionDate "2023.10.10"]
[SourceQuality "1"]

1. e4 e6 2. d4 d5 3. Nc3 Bb4 4. Nge2 Nf6 5. Bg5 h6 6. Bxf6 Qxf6 7. a3 Ba5 8. b4 Bb6 9. exd5 0-0 10. Qd3 Rd8 11. Ne4 Qe7 12. dxe6 Bxe6 13. c3 Bf5 14. N2g3 Bg6 15. Qf3 Nd7 16. Bd3 Nf6 17. 0-0 Nxe4 18. Bxe4 c6 19. Rae1 Qg5 20. Qd3 Bc7 21. Bxg6 fxg6 22. Re6 Kh7 23. Rfe1 Rd7 24. h4 Qd8 25. Qxg6+ Kg8 26. Re8+ Qxe8 27. Rxe8+ Rxe8 28. Qxe8+ Kh7 29. Qxd7 1-0

[Event "Tatry op"]
[Site "Tatranska Lomnica"]
[Date "2017.10.09"]
[Round "2"]
[White "Pardy, Martin"]
[Black "Faivre, Joann"]
[Result "1/2-1/2"]
[WhiteElo "2067"]
[BlackElo "1896"]
[PlyCount "76"]
[EventDate "2017.10.08"]
[EventType "swiss"]
[EventRounds "9"]
[EventCountry "SVK"]
[SourceTitle "CBM 181 Extra"]
[Source "ChessBase"]
[SourceDate "2017.12.12"]
[SourceVersion "1"]
[SourceVersionDate "2017.12.12"]
[SourceQuality "1"]

1. d4 Nf6 2. Nf3 d6 3. Bf4 g6 4. e3 Bg7 5. Be2 0-0 6. 0-0 Nbd7 7. c3 Re8 8. Na3 c6 9. Qc2 e5 10. dxe5 dxe5 11. Bg3 b5 12. Rfd1 Qb6 13. Rac1 Bf8 14. c4 b4 15. c5 Qxc5 16. Qa4 Nb6 17. Qxc6 Qxc6 18. Rxc6 bxa3 19. Rxf6 axb2 20. Bxe5 Rxe5 21. Nxe5 Bf5 22. Rxf5 gxf5 23. Rb1 Ba3 24. f4 Rc8 25. Kf2 Rc1 26. Bd3 f6 27. Nf3 Na4 28. Nd2 Nc3 29. Bxf5 Nxb1 30. Nxb1 Bb4 31. Kf3 Kg7 32. Bd3 h6 33. Ke2 Kf7 34. Be4 Ke6 35. g4 Rg1 36. Bf5+ Kd5 37. h4 Re1+ 38. Kf2 Rh1 1/2-1/2

[Event "Ostrava Konik op-A"]
[Site "Ostrava"]
[Date "2017.05.04"]
[Round "6"]
[White "Pardy, Martin"]
[Black "Zylka, Stanislaw"]
[Result "0-1"]
[WhiteElo "2024"]
[BlackElo "2305"]
[PlyCount "86"]
[EventDate "2017.04.29"]
[EventType "swiss"]
[EventRounds "9"]
[EventCountry "CZE"]
[SourceTitle "CBM 178 Extra"]
[Source "ChessBase"]
[SourceDate "2017.06.22"]
[SourceVersion "1"]
[SourceVersionDate "2017.06.22"]
[SourceQuality "1"]

1. e4 g6 2. g3 c5 3. Nc3 Nc6 4. Bg2 Bg7 5. d3 e6 6. Nge2 Nge7 7. 0-0 0-0 8. Be3 Nd4 9. Nf4 d6 10. Qd2 Rb8 11. Nd1 e5 12. Ne2 Bh3 13. Nxd4 Bxg2 14. Ne6 Qc8 15. Kxg2 Qxe6 16. c4 f5 17. Bh6 Bxh6 18. Qxh6 fxe4 19. dxe4 Qxc4 20. Qh4 Nc6 21. Ne3 Qe6 22. Nd5 Nd4 23. Nc7 Qf7 24. Nd5 Qf3+ 25. Kh3 Qf7 26. f4 Qe6+ 27. Qg4 Qxg4+ 28. Kxg4 Kg7 29. f5 b5 30. h4 a5 31. h5 gxf5+ 32. exf5 c4 33. h6+ Kf7 34. Kh5 Ke8 35. g4 Kd7 36. Rf2 b4 37. Raf1 Rb5 38. Ne3 c3 39. bxc3 bxc3 40. g5 Rb2 41. g6 hxg6+ 42. Kxg6 Rg8+ 43. Kf7 Rbb8 0-1

[Event "Tatry op"]
[Site "Tatranske Zruby"]
[Date "2016.09.25"]
[Round "3"]
[White "Jablonicky, Martin"]
[Black "Pardy, Martin"]
[Result "1-0"]
[WhiteElo "2230"]
[BlackElo "2023"]
[PlyCount "39"]
[EventDate "2016.09.24"]
[EventType "swiss"]
[EventRounds "9"]
[EventCountry "SVK"]
[SourceTitle "CBM 174 Extra"]
[Source "ChessBase"]
[SourceDate "2016.10.10"]
[SourceVersion "1"]
[SourceVersionDate "2016.10.10"]
[SourceQuality "1"]

1. e4 c5 2. Nf3 d6 3. d4 cxd4 4. Nxd4 Nf6 5. Nc3 a6 6. Bc4 e6 7. Bb3 b5 8. f4 Bb7 9. f5 e5 10. Nde2 Nxe4 11. Nxe4 Bxe4 12. 0-0 Qb6+ 13. Kh1 Qb7 14. Rf2 b4 15. a3 a5 16. Ng3 Bc6 17. axb4 axb4 18. Rxa8 Qxa8 19. Qg4 d5 20. f6 1-0

[Event "Ostrava Konik op-A"]
[Site "Ostrava"]
[Date "2016.05.03"]
[Round "4"]
[White "Pardy, Martin"]
[Black "Koubova, Anna Marie"]
[Result "1-0"]
[WhiteElo "2022"]
[BlackElo "1886"]
[PlyCount "111"]
[EventDate "2016.04.30"]
[EventType "swiss"]
[EventRounds "9"]
[EventCountry "CZE"]
[SourceTitle "CBM 172 Extra"]
[Source "ChessBase"]
[SourceDate "2016.06.21"]
[SourceVersion "1"]
[SourceVersionDate "2016.06.21"]
[SourceQuality "1"]

1. e4 c5 2. Nf3 d6 3. d4 cxd4 4. c3 d3 5. Bxd3 Nc6 6. 0-0 Nf6 7. Nd4 e6 8. Bg5 Be7 9. Bc2 0-0 10. Re1 d5 11. e5 Nd7 12. Bxe7 Qxe7 13. f4 Qh4 14. g3 Qh3 15. Nd2 Nxd4 16. cxd4 Re8 17. Rc1 Nf8 18. Ba4 Re7 19. Re3 Bd7 20. Rec3 Ng6 21. Bxd7 Rxd7 22. Nf3 Qg4 23. Qa4 Rdd8 24. Kf2 Qf5 25. Rc7 Rab8 26. Ng5 Rf8 27. R1c3 b5 28. Qxa7 Ra8 29. Qc5 Rxa2 30. Qxb5 Qb1 31. Rc2 Qd1 32. Nf3 Ra1 33. Qe2 Qxe2+ 34. Kxe2 Rb1 35. h4 h6 36. Ne1 Rb8 37. Nd3 Rh1 38. Rc8+ Rxc8 39. Rxc8+ Kh7 40. b4 Rh2+ 41. Nf2 Rg2 42. Rc3 Rg1 43. h5 Nf8 44. g4 Rb1 45. Nd3 Nd7 46. Rc7 Nb8 47. Rxf7 Nc6 48. Ke3 Nxb4 49. Nxb4 Rxb4 50. f5 exf5 51. gxf5 Rb3+ 52. Kf4 Rd3 53. e6 Rxd4+ 54. Ke5 Re4+ 55. Kxd5 Re1 56. f6 1-0

[Event "Olomouc op 18th"]
[Site "Olomouc"]
[Date "2015.08.19"]
[Round "6"]
[White "Kabelka, Ondrej"]
[Black "Pardy, Martin"]
[Result "1-0"]
[WhiteElo "1855"]
[BlackElo "2117"]
[PlyCount "61"]
[EventDate "2015.08.15"]
[EventType "swiss"]
[EventRounds "9"]
[EventCountry "CZE"]
[SourceTitle "EXT 2016"]
[Source "ChessBase"]
[SourceDate "2015.10.08"]
[SourceVersion "1"]
[SourceVersionDate "2015.10.08"]
[SourceQuality "1"]

1. d4 d5 2. c4 e6 3. Nc3 Nf6 4. Bg5 c6 5. e3 Nbd7 6. Nf3 Be7 7. Qc2 0-0 8. cxd5 Nxd5 9. Bxe7 Qxe7 10. Nxd5 exd5 11. Bd3 g6 12. 0-0 Nf6 13. Ne5 Kg7 14. Rac1 Ne4 15. Bxe4 dxe4 16. Qc5 Qf6 17. f3 Qg5 18. f4 Qf6 19. Qc2 Qe7 20. Qc5 Qc7 21. d5 f6 22. Nc4 Rd8 23. Rfd1 Bg4 24. Rd4 b5 25. Nd2 Qa5 26. Qe7+ Kh6 27. Rxc6 Qxa2 28. Rc7 Qa1+ 29. Nf1 Rh8 30. Qg7+ Kh5 31. Qxh7+ 1-0

[Event "CZE-chT2F 1213"]
[Site "Czech Republic"]
[Date "2013.02.17"]
[Round "9.56"]
[White "Pardy, Martin"]
[Black "Dungl, Martin"]
[Result "1/2-1/2"]
[WhiteElo "2033"]
[BlackElo "2016"]
[PlyCount "133"]
[EventDate "2012.10.14"]
[EventType "team-tourn"]
[EventRounds "11"]
[EventCountry "CZE"]
[SourceTitle "EXT 2016"]
[Source "ChessBase"]
[SourceDate "2015.10.08"]
[SourceVersion "1"]
[SourceVersionDate "2015.10.08"]
[SourceQuality "1"]
[WhiteTeam "Opava KVS"]
[BlackTeam "Postoupky"]
[WhiteTeamCountry "CZE"]
[BlackTeamCountry "CZE"]

1. d4 Nf6 2. c4 e6 3. Nc3 Bb4 4. a3 Bxc3+ 5. bxc3 b6 6. Bg5 Ba6 7. e3 Nc6 8. Bd3 Na5 9. Qe2 Qc8 10. Nf3 Qb7 11. e4 h6 12. Bh4 Nh5 13. Bg3 0-0-0 14. Rb1 Nxg3 15. hxg3 d6 16. e5 Qc6 17. c5 Bxd3 18. Qxd3 bxc5 19. Qb5 Qxb5 20. Rxb5 Nc4 21. exd6 cxd6 22. dxc5 d5 23. Nd2 Ne5 24. c4 dxc4 25. Ke2 Nc6 26. Nf3 Rd3 27. Rhb1 Rhd8 28. Rb7 Rxa3 29. Rxf7 Ra2+ 30. Ke1 Rd7 31. Rxd7 Kxd7 32. Rc1 Ra4 33. Ke2 e5 34. Rd1+ Ke7 35. Rd6 e4 36. Rxc6 exf3+ 37. gxf3 Ra5 38. Rc7+ Kf6 39. Ke3 Ke5 40. Rxg7 Rxc5 41. Rxa7 Rb5 42. Rd7 Rb3+ 43. Ke2 Rb2+ 44. Ke1 Rb1+ 45. Kd2 Rb2+ 46. Kc3 Rb3+ 47. Kxc4 Rxf3 48. Rd2 h5 49. Kc5 Rc3+ 50. Kb4 Rf3 51. Kc4 h4 52. gxh4 Rf4+ 53. Kd3 Rxh4 54. Ke3 Ra4 55. Kf3 Kf5 56. Rd5+ Kf6 57. Rb5 Ra6 58. Kg4 Ra4+ 59. f4 Ra6 60. Rb8 Kg7 61. Kg5 Ra5+ 62. f5 Ra6 63. Re8 Rb6 64. Re7+ Kf8 65. Rd7 Ra6 66. Rd5 Kf7 67. Kf4 1/2-1/2

[Event "Brno Trade op-A 37th"]
[Site "Brno"]
[Date "2012.08.31"]
[Round "7"]
[White "Pardy, Martin"]
[Black "Zitny, Petr"]
[Result "0-1"]
[WhiteElo "2051"]
[BlackElo "1869"]
[PlyCount "40"]
[EventDate "2012.08.26"]
[EventType "swiss"]
[EventRounds "9"]
[EventCountry "CZE"]
[SourceTitle "CBM 150 Extra"]
[Source "ChessBase"]
[SourceDate "2012.10.19"]
[SourceVersion "1"]
[SourceVersionDate "2012.10.19"]
[SourceQuality "1"]

1. d4 Nf6 2. c4 e6 3. Nc3 Bb4 4. a3 Bxc3+ 5. bxc3 d6 6. Bg5 h6 7. Bxf6 Qxf6 8. e3 0-0 9. Bd3 Nd7 10. Ne2 Re8 11. 0-0 e5 12. Ng3 Nf8 13. Rb1 b6 14. Be4 Rb8 15. Qa4 Be6 16. Bc6 Red8 17. d5 Bd7 18. Bxd7 Nxd7 19. Qxa7 Nc5 20. a4 Rb7 0-1

[Event "Brno Trade op-A 37th"]
[Site "Brno"]
[Date "2012.08.30"]
[Round "6"]
[White "Sipek, Michal"]
[Black "Pardy, Martin"]
[Result "1-0"]
[WhiteElo "1963"]
[BlackElo "2051"]
[PlyCount "53"]
[EventDate "2012.08.26"]
[EventType "swiss"]
[EventRounds "9"]
[EventCountry "CZE"]
[SourceTitle "CBM 150 Extra"]
[Source "ChessBase"]
[SourceDate "2012.10.19"]
[SourceVersion "1"]
[SourceVersionDate "2012.10.19"]
[SourceQuality "1"]

1. c4 Nf6 2. Nf3 g6 3. g3 Bg7 4. Nc3 d6 5. Bg2 0-0 6. d3 Nc6 7. Bd2 a6 8. Qc1 Rb8 9. Bh6 b5 10. cxb5 axb5 11. h4 e5 12. h5 Nxh5 13. Nd5 Bb7 14. g4 Nf4 15. Bxg7 Kxg7 16. Nxf4 exf4 17. Qxf4 Rh8 18. Rc1 f6 19. Qh6+ Kf7 20. Qf4 Kg7 21. Rxc6 Bxc6 22. Nd4 Bxg2 23. Ne6+ Kf7 24. Nxd8+ Rbxd8 25. Rh2 Bd5 26. g5 f5 27. Qd4 1-0

[Event "Brno Trade op-A 37th"]
[Site "Brno"]
[Date "2012.08.26"]
[Round "2"]
[White "Dambrauskas, Virginijus A"]
[Black "Pardy, Martin"]
[Result "1-0"]
[WhiteElo "2322"]
[BlackElo "2051"]
[PlyCount "107"]
[EventDate "2012.08.26"]
[EventType "swiss"]
[EventRounds "9"]
[EventCountry "CZE"]
[SourceTitle "CBM 150 Extra"]
[Source "ChessBase"]
[SourceDate "2012.10.19"]
[SourceVersion "1"]
[SourceVersionDate "2012.10.19"]
[SourceQuality "1"]

1. d4 Nf6 2. c4 g6 3. Nc3 Bg7 4. e4 d6 5. Be2 0-0 6. g4 e5 7. g5 Nfd7 8. d5 f5 9. gxf6 Nxf6 10. h4 Nbd7 11. Be3 Nc5 12. Bf3 a5 13. Qe2 c6 14. dxc6 bxc6 15. 0-0-0 Qe7 16. Qc2 Nb7 17. Be2 Ng4 18. Bxg4 Bxg4 19. Rf1 Rad8 20. f3 Be6 21. b3 d5 22. Bg5 Qa3+ 23. Qb2 Qxb2+ 24. Kxb2 Rd7 25. cxd5 cxd5 26. Rd1 d4 27. Na4 Rc7 28. Rc1 Rxc1 29. Bxc1 Rc8 30. h5 gxh5 31. Rxh5 Rc6 32. Kb1 Bd7 33. Nb2 Rg6 34. Rg5 Rxg5 35. Bxg5 Bb5 36. Kc2 Nc5 37. Bd2 a4 38. b4 Nd7 39. Nd3 Nb6 40. Nh3 Bc4 41. Nc1 h6 42. Nf2 Kf7 43. Nfd3 h5 44. Be1 Bf6 45. Bg3 Ke6 46. f4 h4 47. f5+ Kd6 48. Bh2 Nd7 49. a3 Bb5 50. Ne2 Bc6 51. Nxd4 Bxe4 52. Nb5+ Kd5 53. Nc3+ Kd4 54. Bg1+ 1-0

[Event "Brno Trade op-A 37th"]
[Site "Brno"]
[Date "2012.08.26"]
[Round "1"]
[White "Pardy, Martin"]
[Black "Hemalova, Lydie"]
[Result "1-0"]
[WhiteElo "2051"]
[BlackElo "1573"]
[PlyCount "63"]
[EventDate "2012.08.26"]
[EventType "swiss"]
[EventRounds "9"]
[EventCountry "CZE"]
[SourceTitle "CBM 150 Extra"]
[Source "ChessBase"]
[SourceDate "2012.10.19"]
[SourceVersion "1"]
[SourceVersionDate "2012.10.19"]
[SourceQuality "1"]

1. d4 Nf6 2. c4 c5 3. d5 b5 4. cxb5 a6 5. bxa6 Bxa6 6. Nc3 d6 7. e4 Bxf1 8. Kxf1 Nbd7 9. Nf3 g6 10. h3 Bg7 11. g3 Qc7 12. Kg2 0-0 13. Re1 Rfb8 14. Qc2 Qa5 15. e5 Ne8 16. Bf4 Nb6 17. Nd2 Na4 18. Nc4 Qb4 19. Nxa4 Qxa4 20. b3 Qa6 21. Re2 Nc7 22. Rd1 Nb5 23. Qb2 Rb7 24. Be3 Rba7 25. a4 Nc7 26. Qc2 Qb7 27. Qd3 Ra6 28. Bf4 Ne8 29. Rde1 Rb8 30. exd6 Qxb3 31. Qxb3 Rxb3 32. d7 1-0

[Event "Pardubice TEV op"]
[Site "Pardubice"]
[Date "2011.07.23"]
[Round "2"]
[White "Pardy, Martin"]
[Black "Eschholz, Enno"]
[Result "0-1"]
[WhiteElo "2044"]
[BlackElo "2221"]
[PlyCount "66"]
[EventDate "2011.07.22"]
[EventType "swiss"]
[EventRounds "9"]
[EventCountry "CZE"]
[SourceTitle "EXT 2012"]
[Source "ChessBase"]
[SourceDate "2011.11.24"]
[SourceVersion "1"]
[SourceVersionDate "2011.11.24"]
[SourceQuality "1"]

1. d4 Nf6 2. c4 Nc6 3. Nf3 e6 4. d5 exd5 5. cxd5 Bb4+ 6. Nc3 Ne7 7. Bg5 Nexd5 8. Qd4 Qe7 9. e3 h6 10. Bh4 c5 11. Qd3 Qe4 12. Qd2 Qe7 13. Bd3 0-0 14. 0-0 Nxc3 15. bxc3 Ba5 16. e4 Qe6 17. Rac1 Nxe4 18. Qf4 d5 19. c4 Qg4 20. Qxg4 Bxg4 21. Ne5 Be6 22. cxd5 Bxd5 23. Nd7 Rfc8 24. Bxe4 Bxe4 25. Nxc5 Bd5 26. Nb3 Bb4 27. Rfd1 Be6 28. f3 a5 29. Be1 Rxc1 30. Nxc1 Ba3 31. Kf2 Rc8 32. Nb3 a4 33. Nd4 Bxa2 0-1

[Event "Stare Mesto op"]
[Site "Stare Mesto"]
[Date "2009.08.15"]
[Round "2"]
[White "Pardy, Martin"]
[Black "Tibensky, Robert"]
[Result "0-1"]
[WhiteElo "2051"]
[BlackElo "2418"]
[PlyCount "62"]
[EventDate "2009.08.14"]
[EventType "swiss"]
[EventRounds "10"]
[EventCountry "CZE"]
[SourceTitle "CBM 131 Extra"]
[Source "ChessBase"]
[SourceDate "2009.09.03"]
[SourceVersion "2"]
[SourceVersionDate "2009.09.16"]
[SourceQuality "1"]

1. e4 e6 2. d4 d5 3. Nd2 a6 4. e5 c5 5. c3 Nc6 6. Ndf3 cxd4 7. cxd4 f6 8. Bd3 Qc7 9. Bf4 Bb4+ 10. Kf1 Qf7 11. h4 Nge7 12. h5 Ba5 13. Ne2 Bd7 14. Rc1 Rc8 15. Qb3 Nb4 16. Rxc8+ Bxc8 17. Bb1 Nbc6 18. a3 Kd8 19. Bd3 Bc7 20. Qc3 Bd7 21. b4 h6 22. Bb1 Rf8 23. Qe3 fxe5 24. Bxe5 Nxe5 25. Nxe5 Bxe5 26. dxe5 Bb5 27. Rh3 Nc6 28. Rf3 Qe7 29. Qb6+ Kc8 30. Rc3 Kb8 31. Re3 Qh4 0-1

[Event "Moravia-Silesia Region-chT 0708"]
[Site "Czech Republic"]
[Date "2008.03.09"]
[Round "9.6"]
[White "Pardy, Martin"]
[Black "Tylecek, Drahomir"]
[Result "1/2-1/2"]
[WhiteElo "2008"]
[BlackElo "1995"]
[PlyCount "79"]
[EventDate "2007.10.28"]
[EventType "team-tourn"]
[EventRounds "11"]
[EventCountry "CZE"]
[SourceTitle "EXT 2024"]
[Source "ChessBase"]
[SourceDate "2023.10.10"]
[SourceVersion "1"]
[SourceVersionDate "2023.10.10"]
[SourceQuality "1"]

1. e4 e5 2. Nf3 Nc6 3. Bb5 f5 4. d3 fxe4 5. dxe4 Nf6 6. 0-0 Bc5 7. Nc3 d6 8. h3 0-0 9. Bc4+ Kh8 10. Qe2 Qe8 11. Be3 Bxe3 12. Qxe3 Be6 13. Nd5 Bxd5 14. exd5 Na5 15. Bb3 Nh5 16. c4 Nxb3 17. Qxb3 Nf4 18. g3 Nxh3+ 19. Kg2 e4 20. Nd4 Ng5 21. Rae1 Qd7 22. Ne6 Nxe6 23. dxe6 Qxe6 24. Qxb7 Rab8 25. Qxa7 Rxb2 26. Qd4 Qf6 27. Qxf6 Rxf6 28. Rxe4 Kg8 29. Re7 Rxa2 30. Rxc7 Rc2 31. Kg1 h6 32. Kg2 Kh7 33. Kg1 Kg6 34. f3 Re6 35. Rf2 Rc1+ 36. Kg2 Kf6 37. Rd2 Rce1 38. Kf2 Rh1 39. Kg2 Rhe1 40. Kf2 1/2-1/2

[Event "Moravia-Silesia Region-chT 0708"]
[Site "Czech Republic"]
[Date "2008.01.20"]
[Round "6.5"]
[White "Pardy, Martin"]
[Black "Kolar, Jaroslav"]
[Result "1-0"]
[WhiteElo "2008"]
[BlackElo "1988"]
[PlyCount "131"]
[EventDate "2007.10.28"]
[EventType "team-tourn"]
[EventRounds "11"]
[EventCountry "CZE"]
[SourceTitle "EXT 2024"]
[Source "ChessBase"]
[SourceDate "2023.10.10"]
[SourceVersion "1"]
[SourceVersionDate "2023.10.10"]
[SourceQuality "1"]

1. e4 Nf6 2. e5 Nd5 3. Nf3 d6 4. d4 e6 5. Be2 dxe5 6. dxe5 Nd7 7. 0-0 b6 8. a3 Bb7 9. Bd3 a5 10. Re1 Bc5 11. Ng5 Ne3 12. Qh5 g6 13. Nxe6 Qe7 14. Nxc7+ Kd8 15. Qe2 Qg5 16. g3 Nxe5 17. Bxe3 Bxe3 18. Qxe3 Nf3+ 19. Kf1 Nxh2+ 20. Ke2 Qg4+ 21. Kd2 Nf3+ 22. Kc3 Kxc7 23. Qe7+ Qd7 24. Qxd7+ Kxd7 25. Bb5+ Kd6 26. Rd1+ Ke5 27. Nd2 Nxd2 28. Rxd2 Rac8+ 29. Kb3 Bd5+ 30. c4 Be6 31. Re1+ Kf6 32. Rd6 Rhd8 33. Rxb6 Rd2 34. Re3 Rxf2 35. Bd7 a4+ 36. Bxa4 Kg5 37. Bb5 h5 38. Rc6 Rd8 39. Kc3 Rdd2 40. b3 Rc2+ 41. Kb4 h4 42. Rc5+ Kg4 43. gxh4 Kxh4 44. Bc6 g5 45. a4 g4 46. a5 Ra2 47. Kb5 g3 48. Re4+ Bg4 49. Bd7 f5 50. Bxf5 Rxf5 51. Rxf5 g2 52. Rxg4+ Kxg4 53. Rf8 Ra3 54. Rg8+ Kh3 55. Kb4 Ra1 56. c5 Re1 57. Rxg2 Kxg2 58. Kb5 Kf3 59. a6 Ke4 60. a7 Ra1 61. Kb6 Kd5 62. b4 Kc4 63. c6 Ra4 64. b5 Rxa7 65. Kxa7 Kxb5 66. c7 1-0

[Event "Moravia-Silesia Region-chT 0708"]
[Site "Czech Republic"]
[Date "2007.11.25"]
[Round "3.6"]
[White "Kocur, Ales"]
[Black "Pardy, Martin"]
[Result "0-1"]
[WhiteElo "1937"]
[BlackElo "2008"]
[PlyCount "36"]
[EventDate "2007.10.28"]
[EventType "team-tourn"]
[EventRounds "11"]
[EventCountry "CZE"]
[SourceTitle "EXT 2024"]
[Source "ChessBase"]
[SourceDate "2023.10.10"]
[SourceVersion "1"]
[SourceVersionDate "2023.10.10"]
[SourceQuality "1"]

1. e4 e5 2. Nf3 Nc6 3. c3 d5 4. Bb5 dxe4 5. Nxe5 Qd5 6. Qa4 Nge7 7. Nxc6 Nxc6 8. 0-0 Bd7 9. Re1 0-0-0 10. Rxe4 Bd6 11. d3 Rhe8 12. Be3 Rxe4 13. dxe4 Qh5 14. f4 Bc5 15. Kf2 Qh4+ 16. g3 Qxh2+ 17. Kf3 Bxe3 18. Kxe3 Bg4 0-1